| 000 | 00955nac a22003137a 4500 | ||
|---|---|---|---|
| 001 | BR0803435 | ||
| 003 | BR-BrBNA | ||
| 005 | 20240105123602.0 | ||
| 008 | 230509b bl.|||m| |||| 00| 0 por d | ||
| 040 |
_aBR-BrBNA _bpor _cBiblioteca Nacional de Agricultura |
||
| 072 | _aL20 | ||
| 090 | _a6100 BR0803435 | ||
| 100 | 1 | _aAbreu, P.G. de | |
| 100 | 1 | _aAbreu, V.M.N. | |
| 100 | 1 | _aPerdomo, C.C. | |
| 100 | 1 | _aBaêta, F. da C. | |
| 110 | 1 | _aEMBRAPA Suínos e Aves, Concórdia, SC (Brasil) | |
| 245 | 1 | _aComportamento de frangos de corte em sistemas de aquecimento | |
| 260 | 3 |
_aConcórdia, SC (Brasil): _c2001. |
|
| 300 | _a6 p. | ||
| 490 |
_aComunicado Técnico - EMBRAPA Suínos e Aves (Brazil) _vno. 274 _xISSN 0100-8862 |
||
| 500 | _a6 ref. | ||
| 650 | _aFRANGO DE CORTE | ||
| 650 | _aAQUECIMENTO | ||
| 650 | _aCOMPORTAMENTO ANIMAL | ||
| 650 | _aBEM-ESTAR | ||
| 909 |
_a202312 _bLúcia Elande _c55 _dLúcia Elande |
||
| 942 |
_2AGRIS _n0 _cMS |
||
| 999 |
_c296102 _d296102 |
||